000 00197nam a2200109Ia 4500
100 _aMUNRO/ALICE.
942 _cBK
245 _aOPEN SECRETS.
260 _b#N/A
546 _aENGLISH
999 _c31215
_d31215